Kotekarina manthrika Siddamarda Baidya mattu tulunadina Billavara aradhanegalu (Record no. 229373)
[ view plain ]
| 000 -LEADER | |
|---|---|
| fixed length control field | 02990nam a22002177a 4500 |
| 005 - DATE AND TIME OF LATEST TRANSACTION | |
| control field | 20260108100252.0 |
| 008 - FIXED-LENGTH DATA ELEMENTS--GENERAL INFORMATION | |
| fixed length control field | 231205b ||||| |||| 00| 0 eng d |
| 020 ## - INTERNATIONAL STANDARD BOOK NUMBER | |
| International Standard Book Number | 9788194711889 |
| 040 ## - CATALOGING SOURCE | |
| Transcribing agency | AL |
| 041 ## - LANGUAGE CODE | |
| Language code of text/sound track or separate title | Kannada |
| 082 ## - DEWEY DECIMAL CLASSIFICATION NUMBER | |
| Edition number | 23 |
| Classification number | 305.895487K |
| Item number | KOTK |
| 100 ## - MAIN ENTRY--PERSONAL NAME | |
| Personal name | Ramanatha Kotekar |
| 100 ## - MAIN ENTRY--PERSONAL NAME | |
| 9 (RLIN) | 250711 |
| 245 ## - TITLE STATEMENT | |
| Title | Kotekarina manthrika Siddamarda Baidya mattu tulunadina Billavara aradhanegalu |
| Remainder of title | ಕೋಟೆಕಾರಿನ ಮಾಂತ್ರಿಕ ಸಿದ್ಧಮರ್ದ ಬೈದ್ಯ ತುಳುನಾಡಿನ ಬಿಲ್ಲವರ ಆರಾಧನೆಗಳು |
| 260 ## - PUBLICATION, DISTRIBUTION, ETC. | |
| Place of publication, distribution, etc. | Mangaluru |
| Name of publisher, distributor, etc. | Sai Sundari Seva Trust |
| Date of publication, distribution, etc. | 2023 |
| 300 ## - PHYSICAL DESCRIPTION | |
| Extent | 240 p. |
| Other physical details | PB |
| Dimensions | 21x14 cm. |
| 365 ## - TRADE PRICE | |
| Price type code | BLCR-000064 |
| Price amount | ₹216.00 |
| Currency code | ₹ |
| Unit of pricing | ₹270.00 |
| Price note | 20% |
| Price effective from | 25-11-2023 |
| 520 ## - SUMMARY, ETC. | |
| Summary, etc. | 18, 19ನೆಯ ಶತಮಾನದ ಕಾಲದಲ್ಲಿ ಬಿಲ್ಲವರು ಅಸ್ಪರ್ಶರಾಗಿದ್ದರು. ಅವರಿಗೆ ದೇವಾಲಯ ಪ್ರವೇಶವಿರಲಿಲ್ಲ ಎಂದು ನಾವು ಕೇಳಿದ್ದೇವೆ. ಮೇಲು ವರ್ಗದವರ ಶೋಷಣೆಯಿಂದ ಆ ಕಾಲದಲ್ಲಿ ಅದೆಷ್ಟೋ ಮಂದಿ ಬಿಲ್ಲವರು ಮತಾಂತರ ಹೊಂದಿದ್ದಾರೆ.<br/><br/>ಆದರೆ 450-500 ವರ್ಷಗಳ ಹಿಂದೆ ಕೋಟೆಕಾರು ಉಳ್ಳಾಲದಲ್ಲಿ ಸಿದ್ಧಮರ್ದ ಬೈದ್ಯರೆಂಬ ಬಿಲ್ಲವರೊಬ್ಬರು ಗಣಪತಿಯ ಶಿಲಾ ವಿಗ್ರಹವನ್ನು ವಿಧಿಪೂರ್ವಕ ಪ್ರತಿಷ್ಠಾಪಿಸಿ ಹಲವು ಸಮಯ ಪೂಜಾ ಕೈಂಕರ್ಯವನ್ನು ನಡೆಸಿದ್ದಾರೆ ಎಂದರೆ ಎಲ್ಲರಿಗೂ ಆಶ್ಚರ್ಯವಾಗಬಹುದು. ನಾಥಪಂಥದ ಕದ್ರಿ ಮಠದ ಅನುಯಾಯಿಗಳಾದ ಇವರು ನಾಥಪಂಥದ ಯೋಗಿಗಳಿಂದ ವೈದಿಕ ಹಾಗೂ ಮಾಂತ್ರಿಕ ವಿದ್ಯೆಯನ್ನು ಪಡೆದು ಹೆಸರಾಂತ ತಾಂತ್ರಿಕರೂ ಮಂತ್ರವಾದಿಗಳೂ ಆಗಿ ಅಪಾರ ಖ್ಯಾತಿ ಗಳಿಸಿದ್ದರು. ಇವರು ಎಷ್ಟು ಪ್ರಸಿದ್ಧಿಯನ್ನು ಪಡೆದಿದ್ದರು ಎನ್ನುವುದಕ್ಕೆ ಸಾಕ್ಷಿಯಾಗಿ ವೈದ್ಯನಾಥ ದೈವದ ಪಾಡ್ಡನವೊಂದು ಇವರ ಹೆಸರಿನಿಂದಲೇ ಪ್ರಾರಂಭವಾಗಿ ಇವರ ವೈದಿಕ ಕ್ರಿಯೆಯನ್ನು ವರ್ಣಿಸಿ ತಾಂತ್ರಿಕ ಸಾಮರ್ಥಿಕೆಯನ್ನು ದೈವದ ಶಕ್ತಿಯೊಂದಿಗೆ ಸಮಾನವಾಗಿ ವೈಭವೀಕರಿಸುತ್ತದೆ. |
| 650 ## - SUBJECT ADDED ENTRY--TOPICAL TERM | |
| Topical term or geographic name entry element | Kotekar Siddhamardha Badhya and Worships of Billavas in Tulunadu |
| 9 (RLIN) | 144419 |
| 700 ## - ADDED ENTRY--PERSONAL NAME | |
| Personal name | KOTEKAR ( RAMANATH) ಕೋಟೆಕಾರ್ (ರಮಾನಾಥ್) |
| 9 (RLIN) | 144420 |
| 942 ## - ADDED ENTRY ELEMENTS (KOHA) | |
| Source of classification or shelving scheme | Dewey Decimal Classification |
| Koha item type | Book |
| Withdrawn status | Lost status | Source of classification or shelving scheme | Damaged status | Not for loan | Collection code | Home library | Current library | Date acquired | Source of acquisition | Cost, normal purchase price | Total Checkouts | Full call number | Barcode | Date last seen | Cost, replacement price | Price effective from | Koha item type |
|---|---|---|---|---|---|---|---|---|---|---|---|---|---|---|---|---|---|
| Dewey Decimal Classification | Others | St Aloysius Library | St Aloysius Library | 11/27/2023 | Navakarnataka Publications Pvt.Ltd. | 216.00 | 305.895487K KOTK | 076970 | 12/05/2023 | 270.00 | 12/05/2023 | Book |